| 000 | 00436nam a2200181Ia 4500 | ||
|---|---|---|---|
| 001 | 1017 | ||
| 005 | 20260306140601.0 | ||
| 008 | 260306t1994||||xx |||||||||||||| ||spa|| | ||
| 041 | _aESP | ||
| 082 |
_a180 _bC77 T. 2 |
||
| 100 |
_aCopleston, Frederick. _eAUT |
||
| 245 | 0 |
_aHistoria de la filosofĂa: _bde San Agustin a Escoto |
|
| 260 | _c1994 | ||
| 300 |
_a _c22 cm. |
||
| 650 | _aGEN | ||
| 654 | _aCHU | ||
| 942 |
_cLIB _dJUS _fJUS _2ddc _n |
||
| 999 |
_c1017 _d1017 |
||